Các bài quyền Taekwon - do huyền đai hyung

Sách giới thiệu những bài quyền Thái cực đạo để độc giả tham khảo và luyện tập

Gardado en:
Detalles Bibliográficos
Autor Principal: Sơn Điền
Formato: Libro
Idioma:Undetermined
Publicado: Tp. HCM TDTT 1995
Những chủ đề:
Các nhãn: Engadir etiqueta
Sen Etiquetas, Sexa o primeiro en etiquetar este rexistro!
Thư viện lưu trữ: Trung tâm Học liệu Trường Đại học Cần Thơ
LEADER 00603nam a2200181Ia 4500
001 CTU_16893
008 210402s9999 xx 000 0 und d
082 |a 796.8153 
082 |b S464 
100 |a Sơn Điền 
245 0 |a Các bài quyền Taekwon - do huyền đai hyung 
245 0 |c Sơn Điền 
260 |a Tp. HCM 
260 |b TDTT 
260 |c 1995 
520 |a Sách giới thiệu những bài quyền Thái cực đạo để độc giả tham khảo và luyện tập 
650 |a karate 
980 |a Trung tâm Học liệu Trường Đại học Cần Thơ